[Event "Barcelona Sant Marti op 05th"]
[Site "Barcelona"]
[Date "2003.05.24"]
[Round "5.34"]
[White "Domingo Mila, Roger"]
[Black "Farrera, Pere"]
[Result "1-0"]
[WhiteElo "1885"]
[BlackElo "1700"]
[PlyCount "39"]
[EventDate "2003.04.26"]
[EventType "swiss"]
[EventRounds "9"]
[EventCountry "ESP"]
[SourceTitle "EXT 2004"]
[Source "ChessBase"]
[SourceDate "2003.11.25"]
[SourceVersion "1"]
[SourceVersionDate "2003.11.25"]
[SourceQuality "1"]

1. e4 c5 2. Nf3 d6 3. Nc3 Nf6 4. d4 cxd4 5. Nxd4 a6 6. Bg5 Nbd7 7. Qd2 e6 8. f3 Be7 9. 0-0-0 0-0 10. h3 b5 11. Nc6 Qe8 12. Nxe7+ Qxe7 13. Qxd6 Qxd6 14. Rxd6 Ne8 15. Rd2 f5 16. exf5 Rxf5 17. h4 b4 18. Ne4 Nc5 19. Nxc5 Rxc5 20. Be7 1-0

[Event "Barcelona Sant Marti op 05th"]
[Site "Barcelona"]
[Date "2003.05.03"]
[Round "2.25"]
[White "Gonzalez Rodriguez, Jose Antonio"]
[Black "Farrera, Pere"]
[Result "1-0"]
[WhiteElo "1995"]
[BlackElo "1700"]
[PlyCount "51"]
[EventDate "2003.04.26"]
[EventType "swiss"]
[EventRounds "9"]
[EventCountry "ESP"]
[SourceTitle "EXT 2004"]
[Source "ChessBase"]
[SourceDate "2003.11.25"]
[SourceVersion "1"]
[SourceVersionDate "2003.11.25"]
[SourceQuality "1"]

1. d4 d5 2. c4 e6 3. Nc3 f5 4. Nf3 c6 5. Bf4 Nf6 6. e3 Bd6 7. Ne5 0-0 8. Bd3 Qc7 9. c5 Bxe5 10. Bxe5 Qd8 11. Qc2 Nbd7 12. Bd6 Re8 13. 0-0 b6 14. b4 a5 15. a3 b5 16. f3 g6 17. e4 dxe4 18. fxe4 Kg7 19. h3 Nxe4 20. Nxe4 fxe4 21. Bxe4 axb4 22. axb4 Rxa1 23. Rxa1 Qf6 24. Qd3 Bb7 25. Ra7 Bc8 26. Be5 1-0